<?xml version="1.0" encoding="UTF-8"?>
<marc:record xmlns:marc="http://www.loc.gov/MARC21/slim">
   <marc:leader>00000nam a2200000 a 4500</marc:leader>
   <marc:datafield ind1="1" ind2=" " tag="100">
      <marc:subfield code="a">Muchamore, Robert</marc:subfield>
      <marc:subfield code="4">aut</marc:subfield>
      <marc:subfield code="e">Verfasser/-in</marc:subfield>
   </marc:datafield>
   <marc:datafield ind1="0" ind2="0" tag="245">
      <marc:subfield code="a">Top secret - die neue Generation Das Kartell</marc:subfield>
   </marc:datafield>
   <marc:datafield ind1=" " ind2="1" tag="264">
      <marc:subfield code="a">München</marc:subfield>
      <marc:subfield code="b">cbt</marc:subfield>
      <marc:subfield code="c">2015</marc:subfield>
   </marc:datafield>
   <marc:datafield ind1="1" ind2=" " tag="490">
      <marc:subfield code="a">Top Secret - Die neue Generation</marc:subfield>
      <marc:subfield code="v">4</marc:subfield>
   </marc:datafield>
   <marc:datafield ind1=" " ind2=" " tag="250">
      <marc:subfield code="a">1. Aufl.</marc:subfield>
   </marc:datafield>
   <marc:datafield ind1="1" ind2=" " tag="520">
      <marc:subfield code="a">Angaben aus der Verlagsmeldung&lt;br/&gt;&lt;br/&gt;Top Secret - Die neue Generation - Das Kartell : Band 4 Cherub #16 / von Robert Muchamore&lt;br/&gt;&lt;br/&gt;TOP SECRET  Top Action. Neue Agenten auf brandheißer Mission.&lt;br/&gt;&lt;br/&gt;Drogen und Diebstahl sind Alltag für die dreizehnjährige Fay  bis ihre Mutter und ihre Tante dem skrupellosen Dealer Hagar zum Opfer fallen. Achtzehn Monate später sollen die CHERUBs Ryan und Ning den Drogenboss endlich zur Strecke zu bringen. Mithilfe von Fay unterlaufen sie Hagars Netzwerk. Doch Fay hat jede Menge Feinde in der Szene und verfolgt ihr ganz eigenes Ziel. Denn sie hat noch eine Rechnung offen  mit niemand Geringerem als Hagar. Eine hochexplosive Mission, bei der den CHERUBs die Zeit davon läuft ...</marc:subfield>
   </marc:datafield>
   <marc:datafield ind1=" " ind2=" " tag="020">
      <marc:subfield code="a">9783570163375</marc:subfield>
      <marc:subfield code="9">9783570163375</marc:subfield>
   </marc:datafield>
   <marc:datafield ind1=" " ind2=" " tag="041">
      <marc:subfield code="a">ger</marc:subfield>
   </marc:datafield>
   <marc:datafield ind1="0" ind2=" " tag="490">
      <marc:subfield code="v">4</marc:subfield>
   </marc:datafield>
   <marc:datafield ind1="1" ind2=" " tag="521">
      <marc:subfield code="a">0</marc:subfield>
   </marc:datafield>
   <marc:datafield ind1=" " ind2=" " tag="300">
      <marc:subfield code="a">313 S.</marc:subfield>
   </marc:datafield>
</marc:record>
